Labor de la Comisión de Estudio de intereses municipales : declaraciones de su presidente, D. José M.ª C. de Sobregrau declaraciones de su presidente, D. José M.ª C. de Sobregrau
Descripción Física:
Il·lustracions
Colección:
San Jorge,
; núm. 8 (octubre 1952), pàg. 55
Otros Autores:
Sobregrau Egozcue, José Ma. C.
Idioma:
Español
MARC
| LEADER | 00000naa a2200000 a 4500 | ||
|---|---|---|---|
| 003 | Arxiu | ||
| 005 | 20260324181025.0 | ||
| 008 | 160829s1952 spcaxx s spa c | ||
| 040 | |a agdb | ||
| 245 | 0 | 0 | |a Labor de la Comisión de Estudio de intereses municipales : |b declaraciones de su presidente, D. José M.ª C. de Sobregrau |
| 300 | |b Il·lustracions | ||
| 490 | |a San Jorge, |v núm. 8 (octubre 1952), pàg. 55 | ||
| 610 | 1 | 0 | |a Barcelona (Catalunya : Província). |b Comissió d'Estudi d'Interessos Municipals |9 54706 |
| 700 | 1 | |9 54707 |a Sobregrau Egozcue, José Ma. C. | |
| 773 | |g Núm. 8 (octubre 1952), pàg. 55 |t San Jorge. | ||
| 901 | |a Arxiu | ||
| 942 | |n 1 |2 udc |c ART | ||
| 952 | |0 0 |1 0 |4 0 |7 1 |9 64285 |a Arxiu |b Arxiu |d 2022-11-22 |o Rev-508 |r 2022-11-22 00:00:00 |w 2022-11-22 |y ARXIU |z També disponible a Rev-521 | ||
| 999 | |c 43915 |d 43915 | ||